00518nam a2200109Ia 4500008004100000100002600041245019100067260007200258500004400330546001200374700002200386220512s9999 xx 000 0 eng d aKhan, Shahzia Mohsin  0aPaper For the Third Biennial Conference, Indian Society for Ecological Economics (INSEE) "Livelihood Vulnerability in Biodiversity Rich Areas" /cKhan, Shahzia Mohsin & Khan, Anisuzzaman aDelhi :bInstitute of Economic Growth, University of Delhi,cAug-03 aIndian Society for Ecological Economics aEnglish aKhan, Anisuzzaman